|
|
|
|
| LEADER |
01505nam a2200409 a 4500 |
| 001 |
000717315 |
| 003 |
CZ BrMZK |
| 005 |
20090811101920.0 |
| 007 |
ta |
| 008 |
040521s2004 xr a e 000 0 cze |
| 015 |
|
|
|a cnb001303354
|
| 020 |
|
|
|a 80-7319-023-0
|q (brož.)
|
| 035 |
|
|
|a (OCoLC)85095149
|
| 040 |
|
|
|a BOA001
|b cze
|
| 072 |
|
7 |
|a 613
|x Hygiena. Lidské zdraví
|2 Konspekt
|9 14
|
| 080 |
|
|
|a 316.346.32-053.31
|2 MRF
|
| 080 |
|
|
|a 316.346.32-053.4
|2 MRF
|
| 080 |
|
|
|a 613.952/.954
|2 MRF
|
| 080 |
|
|
|a 613.95
|2 MRF
|
| 080 |
|
|
|a (035)
|2 MRF
|
| 100 |
1 |
|
|a Matějček, Zdeněk,
|d 1922-2004
|7 jk01080640
|4 aut
|
| 245 |
1 |
0 |
|a Rodičům na nejhezčí cestu /
|c Zdeněk Matějček, Marie Pokorná, Petr Karger
|
| 250 |
|
|
|a 1. vyd.
|
| 260 |
|
|
|a Jinočany :
|b H & H,
|c 2004
|
| 300 |
|
|
|a 189 s. :
|b il. ;
|c 21 cm
|
| 500 |
|
|
|a Věnováno 10. výročí Mezinárodního roku rodiny 2004
|
| 650 |
0 |
7 |
|a batolata
|7 ph114130
|2 czenas
|
| 650 |
0 |
7 |
|a novorozenci
|7 ph123348
|2 czenas
|
| 650 |
0 |
7 |
|a péče o dítě
|7 ph124848
|2 czenas
|
| 650 |
0 |
7 |
|a zdraví a hygiena dětí
|7 ph135121
|2 czenas
|
| 655 |
|
7 |
|a příručky
|7 fd133209
|2 czenas
|
| 700 |
1 |
|
|a Pokorná, Marie,
|c psycholožka
|4 aut
|
| 700 |
1 |
|
|a Karger, Petr
|7 jn20001227190
|4 aut
|
| 856 |
4 |
1 |
|u http://www.digitalniknihovna.cz/mzk/uuid/uuid:f7bad540-01e6-11e4-89c6-005056827e51
|y Digitalizovaný dokument
|x NDK
|
| 910 |
|
|
|a BOA001
|b 2-1135.512
|
| 990 |
|
|
|a BK
|
| 996 |
6 |
|
|b 2610221076
|c 2-1135.512
|l MZK
|r Sklad / do 1 hodiny
|n 2
|p p.v.
|w 000717315
|u 000010
|a 1
|e BOA001
|j MZK50
|s P
|